[Event "19. Wch 2009 Veteranos"]
[Site "Condino ITA"]
[Date "2009.10.28"]
[Round "2.11"]
[White "Chernikov, Oleg"]
[Black "Bondick, Karl-Heinz"]
[Result "1-0"]
[WhiteElo "2405"]
[BlackElo "2171"]
[PlyCount "75"]
[EventDate "2009.10.27"]
[EventType "swiss"]
[EventRounds "11"]
[EventCountry "ITA"]
[Source "lmi"]
[SourceDate "2009.10.27"]

1. d4 d5 2. c4 e6 3. Nc3 f5 4. Bf4 Nf6 5. e3 Be7 6. Nf3 O-O 7. Be2 c6 8. h3 Bd7
9. Ne5 Be8 10. g4 Ne4 11. gxf5 exf5 12. Qb3 Qb6 13. cxd5 Qxb3 14. axb3 Bb4 15.
dxc6 Nxc6 16. Rc1 Nxe5 17. Bxe5 Rc8 18. Rg1 g6 19. Bc4+ Bf7 20. Ke2 Bxc3 21.
Bxf7+ Kxf7 22. bxc3 Nxc3+ 23. Kd3 Nd5 24. f3 Rc6 25. Rxc6 Nb4+ 26. Kd2 Nxc6 27.
Bf4 Rd8 28. h4 Rd5 29. h5 Ra5 30. hxg6+ hxg6 31. Kc3 Ra2 32. d5 Ne7 33. Rd1 Ra5
34. e4 Rc5+ 35. Kb2 Ke8 36. d6 Nc6 37. d7+ Ke7 38. Bd6+ 1-0

[Event "19. Wch 2009 Veteranos"]
[Site "Condino ITA"]
[Date "2009.10.28"]
[Round "2.12"]
[White "Feller, Josy"]
[Black "Kaufman, Larry C"]
[Result "0-1"]
[WhiteElo "2196"]
[BlackElo "2401"]
[PlyCount "27"]
[EventDate "2009.10.27"]
[EventType "swiss"]
[EventRounds "11"]
[EventCountry "ITA"]
[Source "lmi"]
[SourceDate "2009.10.27"]

1. e4 c5 2. b4 cxb4 3. a3 e5 4. axb4 Nf6 5. Bc4 Bxb4 6. Nf3 Nxe4 7. Qe2 d5 8.
Bb5+ Nd7 9. Nxe5 O-O 10. Nxd7 Bxd7 11. O-O Re8 12. Bxd7 Qxd7 13. Qd3 Bc5 14. g3
0-1

[Event "19. Wch 2009 Veteranos"]
[Site "Condino ITA"]
[Date "2009.10.28"]
[Round "2.13"]
[White "Tseitlin, Mark D"]
[Black "Nordstrom, Felix"]
[Result "1-0"]
[WhiteElo "2394"]
[BlackElo "2165"]
[PlyCount "79"]
[EventDate "2009.10.27"]
[EventType "swiss"]
[EventRounds "11"]
[EventCountry "ITA"]
[Source "lmi"]
[SourceDate "2009.10.27"]

1. e4 e6 2. d4 d5 3. Nd2 dxe4 4. Nxe4 Nd7 5. Nf3 Ngf6 6. Nxf6+ Nxf6 7. c3 c5 8.
Ne5 a6 9. Be3 Qc7 10. Qa4+ Bd7 11. Nxd7 Nxd7 12. O-O-O Rd8 13. d5 e5 14. Bg5 f6
15. Qg4 Qd6 16. Be3 g6 17. Qh3 f5 18. Bg5 Be7 19. Bh6 Nf6 20. Be2 Kf7 21. f3
Rhe8 22. g4 fxg4 23. fxg4 Kg8 24. Rhf1 Nd7 25. g5 Bf8 26. Bg4 Bxh6 27. Be6+ Kh8
28. Qxh6 Re7 29. Rd2 Rg7 30. Rdf2 Nf8 31. Bg4 Qe7 32. Rf6 e4 33. d6 Qe8 34.
Rxf8+ Qxf8 35. Rxf8+ Rxf8 36. Kd2 Rf2+ 37. Ke3 Rxb2 38. d7 Rg8 39. Be6 Rd8 40.
Qh4 1-0

[Event "19. Wch 2009 Veteranos"]
[Site "Condino ITA"]
[Date "2009.10.28"]
[Round "2.14"]
[White "Buxade, Roca Guillermo"]
[Black "Van Riemsdijk, Herman C"]
[Result "0-1"]
[WhiteElo "2175"]
[BlackElo "2385"]
[PlyCount "80"]
[EventDate "2009.10.27"]
[EventType "swiss"]
[EventRounds "11"]
[EventCountry "ITA"]
[Source "lmi"]
[SourceDate "2009.10.27"]

1. c4 e5 2. Nc3 Nf6 3. g3 d5 4. cxd5 Nxd5 5. Bg2 Nb6 6. d3 Be7 7. Nf3 Nc6 8.
O-O Be6 9. b3 f6 10. Bb2 O-O 11. Rc1 Rf7 12. Qc2 Bf8 13. Rfd1 Nb4 14. Qb1 c5
15. Ne4 Rc8 16. e3 Rd7 17. d4 exd4 18. exd4 c4 19. bxc4 Nxc4 20. Bc3 Na3 21.
Qb2 Nxa2 22. Ra1 Nxc3 23. Nxc3 Nc4 24. Qe2 Bf7 25. Rxa7 Na3 26. Qb2 Rxc3 27.
Qxc3 Nb5 28. Qa5 Nxa7 29. Qxa7 b5 30. Qa1 b4 31. Qb2 Qb6 32. Rc1 b3 33. Rc8 Rc7
34. Ra8 Qc6 35. Ra1 Qc2 36. Rb1 Qxb2 37. Rxb2 Ba3 38. Rb1 b2 39. Nd2 Rc1+ 40.
Bf1 Bg6 0-1

[Event "19. Wch 2009 Veteranos"]
[Site "Condino ITA"]
[Date "2009.10.28"]
[Round "2.15"]
[White "Stull, Norbert"]
[Black "Plachetka, Jan"]
[Result "1/2-1/2"]
[WhiteElo "2168"]
[BlackElo "2378"]
[PlyCount "118"]
[EventDate "2009.10.27"]
[EventType "swiss"]
[EventRounds "11"]
[EventCountry "ITA"]
[Source "lmi"]
[SourceDate "2009.10.27"]

1. d4 Nf6 2. c4 c5 3. d5 b5 4. Nf3 bxc4 5. Nc3 g6 6. e4 d6 7. Bxc4 Bg7 8. O-O
O-O 9. h3 Nbd7 10. Re1 Rb8 11. Qc2 Qa5 12. Bd2 Qc7 13. Nb5 Qb7 14. Bc3 Nb6 15.
Bf1 Bd7 16. Na3 Na4 17. Nc4 Nxc3 18. bxc3 Qc7 19. Rab1 Rxb1 20. Qxb1 e6 21.
dxe6 Bxe6 22. e5 dxe5 23. Ncxe5 Nd5 24. Qc1 Qa5 25. Bc4 Rc8 26. Nc6 Rxc6 27.
Bxd5 Rd6 28. Bxe6 Rxe6 29. Rxe6 fxe6 30. Qf4 Qxa2 31. Qc7 Qd5 32. Qb8+ Bf8 33.
Qe8 a5 34. h4 Qd1+ 35. Kh2 Qd6+ 36. Kg1 Qe7 37. Qa4 Qd6 38. Qe4 Qd1+ 39. Kh2
Bd6+ 40. g3 Qd5 41. Qe2 a4 42. Ng5 h6 43. Ne4 Be7 44. c4 Qe5 45. Qc2 a3 46. Nc3
Kf7 47. Kg2 Bf6 48. Nb5 Qb2 49. Qd3 a2 50. Qd7+ Kg8 51. h5 gxh5 52. Qxe6+ Kg7
53. Qd7+ Kh8 54. Qe8+ Kh7 55. Qf7+ Bg7 56. Qf5+ Kh8 57. Qc8+ Kh7 58. Qf5+ Kg8
59. Qe6+ Kh7 1/2-1/2

[Event "19. Wch 2009 Veteranos"]
[Site "Condino ITA"]
[Date "2009.10.28"]
[Round "2.16"]
[White "Malisov, Boris"]
[Black "Wahlund, Bengt"]
[Result "1-0"]
[WhiteElo "2377"]
[BlackElo "2163"]
[PlyCount "62"]
[EventDate "2009.10.27"]
[EventType "swiss"]
[EventRounds "11"]
[EventCountry "ITA"]
[Source "lmi"]
[SourceDate "2009.10.27"]

1. e4 e6 2. d3 c5 3. g3 Nc6 4. Bg2 g6 5. Nh3 Bg7 6. O-O Nge7 7. Nd2 O-O 8. f4
d6 9. g4 f5 10. gxf5 gxf5 11. Kh1 Kh8 12. c3 Rb8 13. Ng5 h6 14. Qh5 Kg8 15. Nh3
Bd7 16. Nf3 Be8 17. Qh4 Ng6 18. Qg3 b5 19. Bd2 a5 20. Rae1 Qf6 21. e5 dxe5 22.
Nxe5 Ncxe5 23. fxe5 Qh4 24. Qxh4 Nxh4 25. Nf4 Nxg2 26. Kxg2 Bc6+ 27. Kf2 Kf7
28. Rg1 Rg8 29. Nxe6 Kxe6 30. Rg6+ Kd7 31. Reg1 Bd5 1-0

[Event "19. Wch 2009 Veteranos"]
[Site "Condino ITA"]
[Date "2009.10.28"]
[Round "2.17"]
[White "Hvenekilde, Jorgen"]
[Black "Boehnisch, Manfred"]
[Result "1-0"]
[WhiteElo "2163"]
[BlackElo "2366"]
[PlyCount "101"]
[EventDate "2009.10.27"]
[EventType "swiss"]
[EventRounds "11"]
[EventCountry "ITA"]
[Source "lmi"]
[SourceDate "2009.10.27"]

1. d4 d5 2. Nf3 Nf6 3. c4 c6 4. e3 Bg4 5. Qb3 Qb6 6. c5 Qxb3 7. axb3 Nbd7 8. b4
Bxf3 9. gxf3 e5 10. b5 Be7 11. bxc6 bxc6 12. b4 O-O 13. Nc3 Rfe8 14. Kd1 exd4
15. exd4 Nf8 16. Bd3 Ne6 17. Ne2 Reb8 18. Bd2 Ne8 19. Kc2 Bf6 20. Bc3 N8c7 21.
Rhd1 a6 22. Bf5 g6 23. Bh3 Re8 24. Re1 Bh4 25. Bxe6 fxe6 26. Nf4 Bxf2 27. Re2
Bh4 28. Nd3 Bf6 29. Nc1 Nb5 30. Nb3 e5 31. dxe5 Nxc3 32. Kxc3 Bxe5+ 33. Rxe5
Rxe5 34. Nd4 Kf7 35. Nxc6 Re6 36. Nd4 Rf6 37. c6 Ke7 38. b5 Kd6 39. b6 Raf8 40.
c7 Kd7 41. Rxa6 Rxf3+ 42. Nxf3 Rxf3+ 43. Kd4 Rf8 44. Kxd5 Rf5+ 45. Ke4 Rf8 46.
Ra2 Kc6 47. Rc2+ Kb7 48. Ke5 g5 49. c8=Q+ Rxc8 50. Rxc8 Kxc8 51. Ke4 1-0

[Event "19. Wch 2009 Veteranos"]
[Site "Condino ITA"]
[Date "2009.10.28"]
[Round "2.18"]
[White "Blaushtain, Boris"]
[Black "Jakobsen, Ole"]
[Result "1/2-1/2"]
[WhiteElo "2155"]
[BlackElo "2344"]
[PlyCount "93"]
[EventDate "2009.10.27"]
[EventType "swiss"]
[EventRounds "11"]
[EventCountry "ITA"]
[Source "lmi"]
[SourceDate "2009.10.27"]

1. d4 g6 2. c4 Bg7 3. Nc3 c5 4. d5 f5 5. Nf3 d6 6. Qc2 Na6 7. a3 Nf6 8. e3 O-O
9. Bd3 Nc7 10. b3 Bd7 11. Bb2 Rb8 12. a4 Na6 13. Na2 Qb6 14. Bc3 Rbe8 15. O-O
e5 16. dxe6 Rxe6 17. Rad1 Bc6 18. a5 Qc7 19. b4 Bxf3 20. gxf3 cxb4 21. Nxb4 Nc5
22. Be2 Ne8 23. Nd5 Qd8 24. Bxg7 Nxg7 25. Qc3 Ne8 26. Nf4 Re7 27. Kh1 Rg7 28.
Rg1 Qf6 29. Nd5 Qxc3 30. Nxc3 a6 31. Rd5 Rff7 32. Rgd1 Rc7 33. h4 Kf7 34. Kh2
Ne6 35. Na4 Rc6 36. h5 Kf8 37. hxg6 hxg6 38. Kg3 Rh7 39. Rb1 Rhc7 40. Rd2 Nc5
41. Nc3 Rh7 42. Nd5 Rc8 43. Rdb2 Rd8 44. Nf4 g5 45. Nd3 Rdd7 46. Kg2 Na4 47.
Rb3 1/2-1/2

[Event "19. Wch 2009 Veteranos"]
[Site "Condino ITA"]
[Date "2009.10.28"]
[Round "2.19"]
[White "Altshul, Raffael"]
[Black "Barlocco, Carlo"]
[Result "1/2-1/2"]
[WhiteElo "2343"]
[BlackElo "2158"]
[PlyCount "57"]
[EventDate "2009.10.27"]
[EventType "swiss"]
[EventRounds "11"]
[EventCountry "ITA"]
[Source "lmi"]
[SourceDate "2009.10.27"]

1. d4 Nf6 2. Nf3 c5 3. d5 e6 4. c4 exd5 5. cxd5 Bd6 6. Bg5 h6 7. Bh4 Bc7 8. Nc3
d6 9. e4 O-O 10. Be2 Re8 11. Nd2 a6 12. a4 Nbd7 13. O-O Ne5 14. f4 Ng6 15. Bg3
Ba5 16. Bf3 b5 17. Re1 Rb8 18. axb5 axb5 19. Kh1 c4 20. e5 Bxc3 21. bxc3 dxe5
22. fxe5 Nxd5 23. Nxc4 bxc4 24. Bxd5 Be6 25. Bc6 Qxd1 26. Raxd1 Red8 27. Rd6
Ne7 28. Be4 Nf5 29. Bxf5 1/2-1/2

[Event "19. Wch 2009 Veteranos"]
[Site "Condino ITA"]
[Date "2009.10.28"]
[Round "2.20"]
[White "Nickl, Klaus"]
[Black "Werner, Clemens"]
[Result "0-1"]
[WhiteElo "2151"]
[BlackElo "2339"]
[PlyCount "118"]
[EventDate "2009.10.27"]
[EventType "swiss"]
[EventRounds "11"]
[EventCountry "ITA"]
[Source "lmi"]
[SourceDate "2009.10.27"]

1. d4 Nf6 2. Bg5 e6 3. e4 h6 4. Bxf6 Qxf6 5. c3 b6 6. Bd3 Bb7 7. Ne2 c5 8. O-O
Nc6 9. e5 Qd8 10. Nd2 cxd4 11. cxd4 d6 12. Be4 Qd7 13. exd6 Bxd6 14. Nc4 Rd8
15. Nxd6+ Qxd6 16. Qa4 O-O 17. Rfd1 Rd7 18. Nc3 Ne7 19. Bxb7 Rxb7 20. Rac1 Rd8
21. h3 Rbd7 22. a3 Qf4 23. Ne2 Qe4 24. Nc3 Qb7 25. Rd2 Ng6 26. Ne2 Qe4 27. Qc2
Qh4 28. Rcd1 Qg5 29. Qe4 Ne7 30. Nc3 Nd5 31. Nxd5 Rxd5 32. f4 Qe7 33. Rd3 Qd7
34. Kh2 Qd6 35. Kg1 a5 36. Kh1 b5 37. Kg1 g6 38. h4 Kg7 39. g3 Rc8 40. Kf2 Rc4
41. R3d2 Qb6 42. Qe3 b4 43. Kg2 b3 44. Rd3 a4 45. Kh3 h5 46. R1d2 Qd8 47. Qf2
Qf6 48. Kh2 Rd7 49. Qe3 Rdc7 50. Qe5 Rc2 51. Qa5 Qf5 52. Qxf5 gxf5 53. Kh3 Rxd2
54. Rxd2 Rc2 55. Rd1 Rxb2 56. d5 exd5 57. Rd4 Rc2 58. Rxa4 b2 59. Rb4 d4 0-1

[Event "19. Wch 2009 Veteranos"]
[Site "Condino ITA"]
[Date "2009.10.28"]
[Round "2.21"]
[White "Klundt, Klaus"]
[Black "Thieme, Hans"]
[Result "1-0"]
[WhiteElo "2337"]
[BlackElo "2154"]
[PlyCount "97"]
[EventDate "2009.10.27"]
[EventType "swiss"]
[EventRounds "11"]
[EventCountry "ITA"]
[Source "lmi"]
[SourceDate "2009.10.27"]

1. e4 c5 2. Nf3 e6 3. d4 cxd4 4. Nxd4 Qb6 5. Nb3 Qc7 6. c4 b6 7. Nc3 a6 8. Bd3
Bb7 9. O-O Nf6 10. Qe2 d6 11. Be3 Nbd7 12. Rac1 Rc8 13. f3 Be7 14. Rfd1 Qb8 15.
Qf2 Bd8 16. Bf1 Bc7 17. g4 h6 18. Nd4 Ke7 19. h3 Rcg8 20. Bg2 Qa8 21. b4 Rc8
22. Qe2 g5 23. Nb3 Rhd8 24. h4 gxh4 25. Bxh6 h3 26. Bxh3 Rh8 27. Qe3 Rcg8 28.
Bg2 Ne5 29. Bg5 Rg6 30. c5 bxc5 31. bxc5 Qb8 32. Bxf6+ Rxf6 33. g5 Rg6 34. f4
Ng4 35. Qe2 Rh4 36. Nd4 Qh8 37. Nf3 Rh2 38. cxd6+ Bxd6 39. Rxd6 Kxd6 40. Qd3+
Ke7 41. Rd1 Kf8 42. Rb1 Bc8 43. e5 Rg8 44. Ne4 Kg7 45. Nf6 Rd8 46. Qe2 Rxg2+
47. Kxg2 Nxf6 48. exf6+ Kg8 49. Rh1 1-0

[Event "19. Wch 2009 Veteranos"]
[Site "Condino ITA"]
[Date "2009.10.28"]
[Round "2.22"]
[White "Kock, Hans-Uwe"]
[Black "Clemens, Christian Dr"]
[Result "1/2-1/2"]
[WhiteElo "2137"]
[BlackElo "2331"]
[PlyCount "43"]
[EventDate "2009.10.27"]
[EventType "swiss"]
[EventRounds "11"]
[EventCountry "ITA"]
[Source "lmi"]
[SourceDate "2009.10.27"]

1. d4 f5 2. g3 Nf6 3. Bg2 g6 4. Nh3 Bg7 5. O-O O-O 6. c4 d6 7. d5 Na6 8. Nf4
Nc5 9. Nc3 e5 10. dxe6 c6 11. Qc2 Nxe6 12. Rd1 Qe7 13. e3 Rd8 14. b3 Bd7 15.
Bb2 Be8 16. Nxe6 Qxe6 17. Rd2 Rd7 18. Rad1 Rad8 19. Bh3 d5 20. cxd5 Nxd5 21.
Nxd5 Rxd5 22. Bxg7 1/2-1/2

[Event "19. Wch 2009 Veteranos"]
[Site "Condino ITA"]
[Date "2009.10.28"]
[Round "2.23"]
[White "Kernazhitsky, Leonid"]
[Black "Gutzeit, Avraham"]
[Result "1-0"]
[WhiteElo "2327"]
[BlackElo "2140"]
[PlyCount "83"]
[EventDate "2009.10.27"]
[EventType "swiss"]
[EventRounds "11"]
[EventCountry "ITA"]
[Source "lmi"]
[SourceDate "2009.10.27"]

1. e4 e5 2. Nf3 Nc6 3. Nc3 Nf6 4. g3 Bc5 5. Bg2 d6 6. d3 Bg4 7. h3 Bh5 8. O-O
Qd7 9. Na4 Bxf3 10. Bxf3 Qxh3 11. Nxc5 dxc5 12. Bg5 h5 13. Bg2 Qg4 14. Qxg4
Nxg4 15. f3 Nh6 16. Bh3 f6 17. Be3 Nd4 18. Rf2 b6 19. c3 Nc6 20. Rh2 Rd8 21.
Bf1 Nf7 22. Be2 g5 23. Kf2 Kf8 24. Rah1 Kg7 25. Rxh5 Rxh5 26. Rxh5 Kg6 27. Rh1
a5 28. a4 Rb8 29. Bd1 Rd8 30. Ke2 Nd6 31. Bb3 Re8 32. Kd2 Rd8 33. Kc1 Ne7 34.
Kc2 Nc6 35. Be6 Ne7 36. f4 Nc6 37. fxg5 fxg5 38. g4 c4 39. dxc4 Kf6 40. Rh6+
Kg7 41. Bxg5 Rf8 42. Bf5 1-0

[Event "19. Wch 2009 Veteranos"]
[Site "Condino ITA"]
[Date "2009.10.28"]
[Round "2.24"]
[White "Laco, Giuseppe"]
[Black "Onoprienko, Vladimir"]
[Result "0-1"]
[WhiteElo "2127"]
[BlackElo "2324"]
[PlyCount "101"]
[EventDate "2009.10.27"]
[EventType "swiss"]
[EventRounds "11"]
[EventCountry "ITA"]
[Source "lmi"]
[SourceDate "2009.10.27"]

1. c4 c5 2. Nc3 Nc6 3. f4 Nf6 4. e4 d6 5. h3 g6 6. Nge2 Bg7 7. d3 Nd7 8. Be3
Nf8 9. g4 Ne6 10. Bg2 Ned4 11. O-O h5 12. g5 h4 13. Nb5 a6 14. Nbxd4 cxd4 15.
Bd2 f5 16. a4 a5 17. Nc1 Be6 18. Qe2 Qd7 19. Kh2 Ra6 20. b3 Rb6 21. Ra2 Bf7 22.
exf5 gxf5 23. Bxc6 bxc6 24. Bxa5 Rb7 25. Bd2 e5 26. a5 Bg6 27. b4 O-O 28. Qe1
e4 29. Qxh4 Re8 30. Qg3 d5 31. c5 Qf7 32. Be1 Ra7 33. Qg2 Bh5 34. Bg3 Qb7 35.
Rb2 Qb5 36. Re1 Rae7 37. Qd2 Kf7 38. Rb3 Kg6 39. Kg1 Bf3 40. Ra3 Bh5 41. Na2
Qa6 42. Rb1 exd3 43. b5 cxb5 44. Nb4 Qc8 45. Nxd3 Re2 46. Qb4 R8e3 47. Nf2 Bf8
48. Qxd4 Rxa3 49. Rxb5 Rxg3+ 50. Kf1 Qe6 51. Rb1 0-1

[Event "19. Wch 2009 Veteranos"]
[Site "Condino ITA"]
[Date "2009.10.28"]
[Round "2.25"]
[White "Jacobsen, Bo"]
[Black "Nordby, Bernt"]
[Result "1-0"]
[WhiteElo "2321"]
[BlackElo "2137"]
[PlyCount "37"]
[EventDate "2009.10.27"]
[EventType "swiss"]
[EventRounds "11"]
[EventCountry "ITA"]
[Source "lmi"]
[SourceDate "2009.10.27"]

1. Nf3 Nf6 2. g3 g6 3. b3 Bg7 4. Bb2 O-O 5. Bg2 c5 6. c4 Nc6 7. O-O d5 8. cxd5
Nxd5 9. Bxg7 Kxg7 10. d4 cxd4 11. Nxd4 Nxd4 12. Qxd4+ Nf6 13. Qe5 Kg8 14. Nc3
Re8 15. Rac1 a6 16. Na4 Nd7 17. Qc3 Rb8 18. Rfd1 b6 19. Qd2 1-0

[Event "19. Wch 2009 Veteranos"]
[Site "Condino ITA"]
[Date "2009.10.27"]
[Round "2.28"]
[White "Ozbilen, Hayri"]
[Black "Jorgensen, Jorgen"]
[Result "0-1"]
[WhiteElo "2113"]
[BlackElo "2315"]
[PlyCount "166"]
[EventDate "2009.10.27"]
[EventType "swiss"]
[EventRounds "11"]
[EventCountry "ITA"]
[Source "lmi"]
[SourceDate "2009.10.27"]

1. e4 Nf6 2. e5 Nd5 3. d4 d6 4. Nf3 Bg4 5. Bc4 e6 6. exd6 Bxd6 7. h3 Bh5 8.
Bxd5 exd5 9. Qe2+ Qe7 10. g4 Bg6 11. Qxe7+ Kxe7 12. c3 Nd7 13. Be3 Rae8 14.
Nbd2 Kd8 15. O-O-O Nf6 16. Nh4 Ne4 17. Nxg6 hxg6 18. Nxe4 Rxe4 19. Rde1 Kd7 20.
Kd2 Re6 21. Kd3 Rf6 22. Ke2 Be7 23. Kf1 Rb6 24. Re2 Ra6 25. a3 Re6 26. Bf4 Rxe2
27. Kxe2 f5 28. gxf5 gxf5 29. Be5 Rh7 30. f4 c6 31. Rg1 Bf8 32. Rg3 Ke6 33. Kd3
Kf7 34. c4 dxc4+ 35. Kxc4 b5+ 36. Kc3 Ke6 37. Re3 Kd5 38. Rg3 Ke4 39. b4 Rh6
40. Kd2 Rh7 41. Ke2 Be7 42. Re3+ Kd5 43. Kf1 Bd6 44. Kg2 Bf8 45. Bb8 Bd6 46.
Re8 Bxb8 47. Rxb8 Kxd4 48. Rb7 a6 49. Rc7 Rh6 50. Rxg7 Re6 51. h4 Re2+ 52. Kh3
Re3+ 53. Rg3 Re1 54. Kh2 Ke4 55. h5 Kxf4 56. h6 Re2+ 57. Rg2 Re6 58. Rf2+ Kg5
59. Rg2+ Kxh6 60. Rg8 Re3 61. Rc8 Rc3 62. Kg2 Kg5 63. Kf2 Kf4 64. Ke2 Rxa3 65.
Rxc6 Ra2+ 66. Ke1 Ke3 67. Re6+ Kd4 68. Rf6 Kc4 69. Rxf5 Kxb4 70. Kd1 Rh2 71.
Kc1 a5 72. Kb1 Ka4 73. Rf3 b4 74. Rf5 b3 75. Rg5 Kb4 76. Rg4+ Ka3 77. Rg1 a4
78. Rf1 Rh4 79. Rg1 Kb4 80. Kb2 a3+ 81. Ka1 a2 82. Kb2 Rh2+ 83. Ka1 Ka3 0-1

[Event "19. Wch 2009 Veteranos"]
[Site "Condino ITA"]
[Date "2009.10.27"]
[Round "2.29"]
[White "Taksrud, Vidar"]
[Black "Arkhangelsky, Boris"]
[Result "0-1"]
[WhiteElo "2111"]
[BlackElo "2292"]
[PlyCount "102"]
[EventDate "2009.10.27"]
[EventType "swiss"]
[EventRounds "11"]
[EventCountry "ITA"]
[Source "lmi"]
[SourceDate "2009.10.27"]

1. d4 c5 2. Nf3 cxd4 3. Nxd4 d5 4. e3 Nf6 5. Nc3 e5 6. Nf3 e4 7. Bb5+ Nc6 8.
Nd4 Bd7 9. O-O a6 10. Nxc6 bxc6 11. Be2 Bd6 12. b3 h5 13. g3 Bh3 14. Re1 Ng4
15. Bb2 Be5 16. Qd2 h4 17. Na4 Bxb2 18. Nxb2 Nxf2 19. Qd4 Qg5 20. Kxf2 hxg3+
21. hxg3 Qf5+ 22. Kg1 Rh6 23. Rf1 Qg5 24. Kf2 Rf6+ 25. Ke1 Bxf1 26. Bxf1 Qxg3+
27. Kd2 Rf2+ 28. Kc3 Rf3 29. Be2 Rf5 30. Rh1 Ke7 31. Na4 Qe5 32. Rg1 g6 33.
Qxe5+ Rxe5 34. Kd4 Rf5 35. Rg2 a5 36. Kc5 Rf6 37. Bg4 Rh8 38. c4 dxc4 39. Kxc4
Rd6 40. Be2 Rh3 41. Kc5 Rd2 42. Nc3 Rxe3 43. Kc4 f5 44. a4 Rc2 45. Kd4 Rexc3
46. Rxg6 Rxb3 47. Bh5 e3 48. Ke5 e2 49. Re6+ Kd7 50. Kf6 f4 51. Bxe2 Re3 0-1

[Event "19. Wch 2009 Veteranos"]
[Site "Condino ITA"]
[Date "2009.10.27"]
[Round "2.30"]
[White "Wittmann, Walter"]
[Black "Kulago, Alexander"]
[Result "1/2-1/2"]
[WhiteElo "2291"]
[BlackElo "2117"]
[PlyCount "28"]
[EventDate "2009.10.27"]
[EventType "swiss"]
[EventRounds "11"]
[EventCountry "ITA"]
[Source "lmi"]
[SourceDate "2009.10.27"]

1. e4 e5 2. Nf3 Nc6 3. Nc3 Nf6 4. Bb5 Nd4 5. Bc4 Bc5 6. Nxe5 Qe7 7. Nf3 d5 8.
Bxd5 Nxd5 9. Nxd5 Qxe4+ 10. Ne3 Bg4 11. d3 Nxf3+ 12. gxf3 Qxf3 13. Rg1 Qxd1+
14. Nxd1 Bxd1 1/2-1/2

[Event "19. Wch 2009 Veteranos"]
[Site "Condino ITA"]
[Date "2009.10.27"]
[Round "2.42"]
[White "Karasev, Vladimir I"]
[Black "De Laubadere, Philippe"]
[Result "1-0"]
[WhiteElo "2365"]
[BlackElo "1972"]
[PlyCount "37"]
[EventDate "2009.10.27"]
[EventType "swiss"]
[EventRounds "11"]
[EventCountry "ITA"]
[Source "lmi"]
[SourceDate "2009.10.27"]

1. e4 d6 2. d4 Nf6 3. Nc3 g6 4. f4 Bg7 5. Nf3 O-O 6. Bd3 Na6 7. Be3 Ng4 8. Bg1
c5 9. dxc5 Nxc5 10. Bxc5 Bxc3+ 11. bxc3 dxc5 12. h3 Nf6 13. c4 Nh5 14. Qd2 b6
15. g4 Ng7 16. f5 Bb7 17. Qh6 f6 18. fxg6 hxg6 19. e5 1-0

[Event "19. Wch 2009 Veteranos"]
[Site "Condino ITA"]
[Date "2009.10.27"]
[Round "2.44"]
[White "Pedrotti, Luciano"]
[Black "Candea, Gheorghe"]
[Result "0-1"]
[WhiteElo "1829"]
[BlackElo "2232"]
[PlyCount "72"]
[EventDate "2009.10.27"]
[EventType "swiss"]
[EventRounds "11"]
[EventCountry "ITA"]
[Source "lmi"]
[SourceDate "2009.10.27"]

1. e4 c5 2. Nf3 Nc6 3. d4 cxd4 4. Nxd4 Nf6 5. Nc3 g6 6. Be2 Bg7 7. Be3 O-O 8.
O-O d6 9. f4 Qb6 10. Rb1 Ng4 11. Bxg4 Bxd4 12. Bxd4 Qxd4+ 13. Kh1 Bxg4 14. Qxg4
f5 15. Qe2 fxe4 16. Qxe4 e5 17. fxe5 dxe5 18. Rbd1 Rxf1+ 19. Rxf1 Rf8 20. Qd5+
Qxd5 21. Rxf8+ Kxf8 22. Nxd5 Kf7 23. a3 Ke6 24. c4 e4 25. Kg1 Na5 26. Ne3 Ke5
27. b4 Kd4 28. Nc2+ Kc3 29. Ne3 Nxc4 30. Kf2 Nxa3 31. Ke2 Kxb4 32. Nd5+ Kc5 33.
Nf6 Kd4 34. Nxh7 b5 35. Nf8 b4 36. Ne6+ Kc4 0-1

[Event "19. Wch 2009 Veteranos"]
[Site "Condino ITA"]
[Date "2009.10.27"]
[Round "2.51"]
[White "Batakovs, Olegs"]
[Black "Weller, Friedhelm"]
[Result "1-0"]
[WhiteElo "2186"]
[BlackElo "1947"]
[PlyCount "61"]
[EventDate "2009.10.27"]
[EventType "swiss"]
[EventRounds "11"]
[EventCountry "ITA"]
[Source "lmi"]
[SourceDate "2009.10.27"]

1. e4 e5 2. Nf3 Nc6 3. Bb5 Qf6 4. O-O a6 5. Ba4 b5 6. Bb3 h6 7. c3 Bc5 8. d4
Bb6 9. a4 Bb7 10. axb5 axb5 11. Rxa8+ Bxa8 12. Na3 Nge7 13. Nxb5 O-O 14. Be3 d6
15. d5 Na5 16. Bxb6 cxb6 17. Bc2 Ng6 18. b4 Nb7 19. Qd3 Rc8 20. Qe3 Qd8 21. Ra1
Nf4 22. Bd3 Qd7 23. Bf1 f5 24. g3 fxe4 25. Qxe4 Nh5 26. Qh4 Qf7 27. Bh3 g5 28.
Bxc8 Qxf3 29. Qg4 Qxg4 30. Bxg4 Nf6 31. Be6+ 1-0

[Event "19. Wch 2009 Veteranos"]
[Site "Condino ITA"]
[Date "2009.10.27"]
[Round "2.55"]
[White "Haupt, Joachim"]
[Black "Stuart, Peter"]
[Result "1/2-1/2"]
[WhiteElo "1870"]
[BlackElo "2074"]
[PlyCount "23"]
[EventDate "2009.10.27"]
[EventType "swiss"]
[EventRounds "11"]
[EventCountry "ITA"]
[Source "lmi"]
[SourceDate "2009.10.27"]

1. e4 c5 2. Nf3 e6 3. c3 d5 4. exd5 Qxd5 5. Qb3 Qxb3 6. axb3 Nc6 7. Na3 Bd7 8.
Nc4 Rd8 9. Nce5 Nxe5 10. Nxe5 a6 11. Be2 Nf6 12. Nxd7 1/2-1/2

[Event "19. Wch 2009 Veteranos"]
[Site "Condino ITA"]
[Date "2009.10.27"]
[Round "2.57"]
[White "Bue, Gunnar"]
[Black "Tribuiani, Renato"]
[Result "0-1"]
[WhiteElo "1857"]
[BlackElo "2071"]
[PlyCount "52"]
[EventDate "2009.10.27"]
[EventType "swiss"]
[EventRounds "11"]
[EventCountry "ITA"]
[Source "lmi"]
[SourceDate "2009.10.27"]

1. d4 e6 2. c4 d5 3. e3 c6 4. Nf3 Bd6 5. Bd3 f5 6. O-O Nf6 7. Nc3 O-O 8. b3 Bd7
9. Bb2 Ne4 10. Ne5 Be8 11. cxd5 exd5 12. f3 Bh5 13. Qe1 Nxc3 14. Bxc3 Nd7 15.
Nxd7 Qxd7 16. Bb4 Bxb4 17. Qxb4 Rae8 18. Rae1 Bg6 19. Qd2 Re7 20. Re2 Rfe8 21.
Rfe1 Qd6 22. b4 a6 23. a3 Qf6 24. a4 Bh5 25. Rf2 f4 26. g4 fxe3 0-1

[Event "19. Wch 2009 Veteranos"]
[Site "Condino ITA"]
[Date "2009.10.27"]
[Round "2.58"]
[White "Profaizer, Gino"]
[Black "Nielsen, Peter"]
[Result "1-0"]
[WhiteElo "2068"]
[BlackElo "1894"]
[PlyCount "55"]
[EventDate "2009.10.27"]
[EventType "swiss"]
[EventRounds "11"]
[EventCountry "ITA"]
[Source "lmi"]
[SourceDate "2009.10.27"]

1. d4 Nf6 2. c4 g6 3. Nc3 Bg7 4. e4 O-O 5. Bg5 c5 6. d5 h6 7. Be3 d6 8. h3 e6
9. Bd3 exd5 10. exd5 Re8 11. Qd2 Nbd7 12. Nf3 Ne5 13. Nxe5 Rxe5 14. O-O-O Kh7
15. g4 Qf8 16. Bf4 Re8 17. f3 Bd7 18. Qh2 b6 19. Bxd6 Qh8 20. Bf4 Re7 21. Rhe1
Rae8 22. Rxe7 Rxe7 23. Qd2 Qe8 24. h4 Ng8 25. Ne4 f5 26. Nd6 Qf8 27. gxf5 Bxf5
28. Nxf5 1-0

[Event "19. Wch 2009 Veteranos"]
[Site "Condino ITA"]
[Date "2009.10.27"]
[Round "2.63"]
[White "Gonzalo Gonzalez, Francisco"]
[Black "Belokopyt, Boris"]
[Result "0-1"]
[WhiteElo "1813"]
[BlackElo "2050"]
[PlyCount "64"]
[EventDate "2009.10.27"]
[EventType "swiss"]
[EventRounds "11"]
[EventCountry "ITA"]
[Source "lmi"]
[SourceDate "2009.10.27"]

1. e4 Nf6 2. e5 Nd5 3. c4 Nb6 4. Nf3 d6 5. d4 Nc6 6. Be2 Bg4 7. O-O dxe5 8. d5
Bxf3 9. Bxf3 Nd4 10. b3 g6 11. Re1 Bg7 12. Bb2 O-O 13. Nc3 c6 14. dxc6 bxc6 15.
g3 Qc7 16. Bg2 Rad8 17. Qc1 f5 18. Ne2 c5 19. f4 e4 20. Kf1 Rd7 21. b4 e5 22.
Rd1 Nxe2 23. Kxe2 exf4 24. Bxg7 f3+ 25. Kf2 Kxg7 26. Bh3 Rfd8 27. Rxd7+ Rxd7
28. b5 Qe5 29. Rb1 Rd3 30. Rb3 Qd4+ 31. Ke1 e3 32. Rxd3 Qxd3 0-1